000 02934cam a2200421 i 4500
001 on1388209644
003 OCoLC
005 20240808110544.0
008 230612s2023 sp a 000 0bspa d
010 _a2023377666
020 _a9788411316347
_q(paperback)
020 _a8411316343
_q(paperback)
040 _aSP-BaPL
_beng
_erda
_cDLC
_dC3L
_dSFR
_dUtOrBLW
042 _alccopycat
043 _ae-sp---
050 0 0 _aPN2788.M66
_bR65 2023
092 _aSPANISH 791.4302
_bM7678r
100 1 _aRolon Barada, Israel,
_eauthor.
245 1 0 _aSara Montiel :
_bla mujer y la estrella mas alla del mito /
_cIsrael Rolon-Barada.
250 _aPrimera edicion: mayo de 2023.
264 1 _a[Cordoba, Espana] :
_bEditorial Almuzara,
_c2023.
300 _a331 pages, 8 unnumbered pages of plates :
_billustrations (some color) ;
_c24 cm.
336 _atext
_btxt
_2rdacontent.
336 _astill image
_bsti
_2rdacontent.
337 _aunmediated
_bn
_2rdamedia.
338 _avolume
_bnc
_2rdacarrier.
490 1 _aColeccion Memorias y biografias.
505 2 _aPrologo a esta biografia de Sara Montiel -- Ser Sara Montiel -- Genesis y evolucion de un mito, 1928-1950 -- Las Americas: emigracion a Mexico, 1950 -- Llegar a Hollywood, 1954 -- De vuelta a Espana y el verdadero exito, 1957 -- Del cine al mundo del espectaculo, 1975 -- Como olvidar a Sara Montiel? -- Epilogo.
520 _a"Cual es el legado cultural en la musica popular y en el cine hispanoamericano de Sara Montiel? Que la llevo a convertirse en un ícono, leyenda y mito? De que manera su carrera y su personalidad ayudaron a desafiar y cambiar los roles de genero en la sociedad de su epoca? Saritisima forma parte del imaginario cultural espanol del siglo xx, pues logro un alcance internacional como representante de la cultura espanola. A traves de su produccion musical y cinematografica fue capaz de luchar contra las adversidades a las que hubiese tenido que enfrentarse. La diversidad de situaciones sociopoliticas, limitaciones economicas o academicas, no fueron un impedimento para alcanzar sus metas. Este libro analiza su trayectoria, como rompio barreras en Espana, Latinoamerica y los Estados Unidos desde la decada de los anos cincuenta, así como su aportacion a la cultura popular espanola de la cual ella sirvio como embajadora. Diez años después de su muerte, el ejemplo de Sara Montiel, musa de la comunidad lgtbiq+ y mujer adelantada a su tiempo, sigue mas vigente que nunca. Una lectura apasionante sobre una mujer luchadora e inolvidable" -- Provided by publisher
546 _aText in Spanish. En espanol.
600 1 0 _aMontiel, Sara.
650 0 _aMotion picture actors and actresses
_zSpain
_vBiography.
650 7 _aActores cinematograficos
_zEspana
_vBiografia.
_2bidex.
655 7 _aBiographies.
_2lcgft.
655 7 _aBiografias.
_2bidex.
830 0 _aColeccion Memorias y biografias (Editorial Almuzara)
942 _cBK
999 _c29964
_d29962